[Event "II Open A"]
[Site "Pedavena ITA"]
[Date "2006.08.02"]
[Round "2"]
[White "Reginato, Mauro"]
[Black "Campini, Marco"]
[Result "1-0"]
[WhiteElo "1823"]
[BlackElo "2100"]
[PlyCount "70"]
[EventDate "2006.08.01"]

1. e4 d6 2. d4 Nf6 3. Bd3 Nbd7 4. Be3 c6 5. c3 e5 6. f3 Be7 7. Ne2 Nh5 8. Qd2
g5 9. Na3 Nf4 10. Nxf4 gxf4 11. Bf2 Nf8 12. g4 h5 13. gxh5 Rxh5 14. O-O-O Qc7
15. Bc4 b5 16. Bd3 Rb8 17. d5 a6 18. Nc2 a5 19. Qe2 Bd7 20. c4 bxc4 21. Bxc4
cxd5 22. Rxd5 Be6 23. Bb5+ Nd7 24. a4 Bxd5 25. exd5 Kf8 26. Kb1 Nc5 27. Na3 Qc8
28. Bxc5 Qxc5 29. Nc4 Qxd5 30. Nxa5 Rc8 31. Qg2 Bd8 32. Qg4 Ra8 33. Qxh5 Rxa5
34. Rg1 Ke7 35. Qg5+ Kf8 1-0

[Event "II Open A"]
[Site "Pedavena ITA"]
[Date "2006.08.02"]
[Round "2"]
[White "Rezzuti, Vincenzo"]
[Black "Gamberini, Davide"]
[Result "0-1"]
[WhiteElo "2045"]
[BlackElo "1853"]
[PlyCount "36"]
[EventDate "2006.08.01"]

1. e4 d5 2. d4 dxe4 3. Nc3 Nf6 4. f3 exf3 5. Nxf3 Bg4 6. Bc4 e6 7. Be3 Bb4 8.
O-O O-O 9. Bb3 Nbd7 10. Qe1 c5 11. Qf2 Bxc3 12. bxc3 Ne4 13. Qe1 Qa5 14. Qh4
Bxf3 15. Rxf3 Qxc3 16. Raf1 Nd2 17. Bxd2 Qxd2 18. Rh3 Qxd4+ 0-1

[Event "II Open A"]
[Site "Pedavena ITA"]
[Date "2006.08.02"]
[Round "2"]
[White "Ricci, Alfredo"]
[Black "Genocchio, Daniele"]
[Result "0-1"]
[WhiteElo "2036"]
[BlackElo "2345"]
[PlyCount "52"]
[EventDate "2006.08.01"]

1. d4 Nf6 2. Nf3 c5 3. e3 b6 4. Bd3 g6 5. b3 Bg7 6. Bb2 O-O 7. O-O Bb7 8. Nbd2
Nc6 9. a3 Rc8 10. Qe2 Qc7 11. c4 cxd4 12. exd4 d5 13. Ne5 Rfd8 14. f4 dxc4 15.
Bxc4 Nd5 16. f5 Nxe5 17. dxe5 gxf5 18. Rxf5 b5 19. Bd3 Nc3 20. Qh5 Rxd3 21.
Qxf7+ Kh8 22. Rg5 Bxe5 23. Nf3 Ne2+ 24. Kf2 Bxb2 25. Rh5 Rxf3+ 26. gxf3 Qc2 0-1

[Event "II Open A"]
[Site "Pedavena ITA"]
[Date "2006.08.02"]
[Round "2"]
[White "Savarese, Vincenzo"]
[Black "Hutzheimer, Alfred"]
[Result "0-1"]
[WhiteElo "1859"]
[BlackElo "2146"]
[PlyCount "141"]
[EventDate "2006.08.01"]

1. e4 c5 2. c3 e6 3. d4 d5 4. exd5 Qxd5 5. Nf3 Nc6 6. Be2 cxd4 7. cxd4 Nf6 8.
Nc3 Bb4 9. O-O Qd8 10. Bg5 Be7 11. Re1 O-O 12. Rc1 Nd5 13. Ne4 Bxg5 14. Nexg5
Nf6 15. Qd2 h6 16. Nh3 e5 17. dxe5 Qxd2 18. Nxd2 Nxe5 19. Nf4 Bf5 20. Rc5 Nfd7
21. Rc7 g5 22. Nd5 Be6 23. Nc3 Rab8 24. Nde4 Rfc8 25. Rxc8+ Rxc8 26. Rd1 a6 27.
g3 Kg7 28. Kg2 Rc7 29. Rd2 Nf6 30. Nxf6 Kxf6 31. Ne4+ Ke7 32. Nc3 Nc4 33. Bxc4
Rxc4 34. a3 b5 35. Re2 Kd7 36. Rd2+ Kc6 37. Rd8 b4 38. axb4 Rxb4 39. Rd2 Kc5
40. Ne2 a5 41. f4 g4 42. Nc1 Rc4 43. Nd3+ Kb5 44. Kf2 Ka4 45. Ke1 Rc8 46. Ne5
Rc1+ 47. Rd1 Rc2 48. Rd2 Kb3 49. Nd3 Bf5 50. Ne5 Be6 51. Nd3 Bd5 52. Ne5 Rxd2
53. Kxd2 Kxb2 54. Nxg4 a4 55. Nf2 a3 56. Nd1+ Kb3 57. Nc3 Be6 58. Ne2 a2 59.
Nc1+ Kb2 60. Nxa2 Kxa2 61. Ke3 Bg4 62. Ke4 f5+ 63. Ke3 Kb3 64. Kf2 Bh3 65. Ke3
Kc4 66. Kf3 Kd4 67. Kf2 Kd3 68. Kg1 Ke3 69. Kh1 Kf3 70. Kg1 h5 71. Kh1 {...}
0-1

[Event "II Open A"]
[Site "Pedavena ITA"]
[Date "2006.08.02"]
[Round "2"]
[White "Stiz, Massimiliano"]
[Black "Santi, Andrea"]
[Result "0-1"]
[WhiteElo "2101"]
[BlackElo "1848"]
[PlyCount "74"]
[EventDate "2006.08.01"]

1. b3 e5 2. Bb2 d6 3. e3 Nf6 4. h3 Be7 5. d4 exd4 6. Qxd4 Bf5 7. Bd3 Nc6 8. Qc3
d5 9. a3 Qd7 10. g4 Be4 11. Bxe4 Nxe4 12. Qxg7 O-O-O 13. Nf3 d4 14. Ne5 Nxe5
15. Qxe5 dxe3 16. Ke2 Nxf2 17. Rf1 Rhe8 18. Qf5 Qxf5 19. gxf5 Bg5 20. a4 Nxh3
21. Na3 Nf4+ 22. Kf3 e2 23. Rfe1 Rd5 24. Nb5 Rxf5 25. Kg4 Rd5 26. Nd4 h5+ 27.
Kg3 c6 28. Nf3 Bh6 29. Bc1 Rg8+ 30. Kh2 Rg2+ 31. Kh1 Rf2 32. Be3 Rxf3 33. Bxf4
Rxf4 34. Rxe2 Rdf5 35. Rae1 Rf1+ 36. Rxf1 Rxf1+ 37. Kg2 Rf4 0-1

[Event "II Open A"]
[Site "Pedavena ITA"]
[Date "2006.08.02"]
[Round "2"]
[White "Tiengo, Davide"]
[Black "Binder, Andrea"]
[Result "1/2-1/2"]
[WhiteElo "2091"]
[BlackElo "1691"]
[PlyCount "43"]
[EventDate "2006.08.01"]

1. d4 d6 2. c4 g6 3. Nc3 Bg7 4. e4 Nf6 5. Be2 O-O 6. Nf3 c6 7. O-O e5 8. d5 Na6
9. Nd2 Ne8 10. Rb1 c5 11. a3 f5 12. b4 b6 13. b5 Nac7 14. a4 Nf6 15. a5 Nce8
16. a6 f4 17. g4 h5 18. h3 Nh7 19. Kh2 hxg4 20. Bxg4 Qh4 21. Bxc8 Rxc8 22. Qg4
1/2-1/2

[Event "II Open A"]
[Site "Pedavena ITA"]
[Date "2006.08.02"]
[Round "2"]
[White "Tomelleri, Alessio"]
[Black "Dussin, Davide"]
[Result "0-1"]
[WhiteElo "1972"]
[BlackElo "1823"]
[PlyCount "70"]
[EventDate "2006.08.01"]

1. e4 c6 2. d4 d5 3. e5 Bf5 4. Nf3 e6 5. Nbd2 c5 6. Bb5+ Nc6 7. O-O Qb6 8.
Bxc6+ bxc6 9. c3 Ne7 10. dxc5 Qxc5 11. Nb3 Qb6 12. Be3 Qc7 13. Bc5 Ng6 14. Bxf8
Nxf8 15. Nbd4 Bg4 16. Qa4 Bxf3 17. Nxf3 Nd7 18. Rfe1 O-O 19. h4 Rab8 20. b3 f6
21. Qg4 Nc5 22. Rad1 f5 23. Qf4 Ne4 24. Rc1 h6 25. c4 Qb6 26. Re2 Rbd8 27. cxd5
cxd5 28. Rec2 Rf7 29. h5 Rfd7 30. Ne1 Ng5 31. Nd3 Qb5 32. Qd2 Ne4 33. Qe2 d4
34. Rc6 Nc3 35. R6xc3 dxc3 0-1

[Event "II Open A"]
[Site "Pedavena ITA"]
[Date "2006.08.02"]
[Round "2"]
[White "Vandervoort, Chantal"]
[Black "Cortina, Federico"]
[Result "0-1"]
[WhiteElo "1800"]
[BlackElo "1907"]
[PlyCount "52"]
[EventDate "2006.08.01"]

1. d4 Nf6 2. Nf3 g6 3. c4 Bg7 4. Nc3 O-O 5. e4 d6 6. Be2 e5 7. d5 a5 8. O-O Na6
9. Rb1 Nc5 10. Nd2 Ne8 11. Re1 f5 12. Bf1 Nf6 13. f3 Nh5 14. Nb3 Nd7 15. Be3 f4
16. Bf2 b6 17. Nc1 Bf6 18. b3 Rf7 19. a3 Bh4 20. Qe2 Bxf2+ 21. Qxf2 g5 22. g4
fxg3 23. hxg3 g4 24. Re3 gxf3 25. Rxf3 Ndf6 26. Bg2 Bg4 0-1

[Event "II Open A"]
[Site "Pedavena ITA"]
[Date "2006.08.02"]
[Round "3"]
[White "Bagolin, Renzo"]
[Black "Tomelleri, Alessio"]
[Result "1/2-1/2"]
[WhiteElo "1754"]
[BlackElo "1972"]
[PlyCount "92"]
[EventDate "2006.08.01"]

1. c4 f5 2. Nc3 Nf6 3. d4 e6 4. Nf3 d6 5. g3 Be7 6. Bg2 O-O 7. O-O a5 8. Re1 d5
9. c5 Qe8 10. Bf4 Na6 11. a4 c6 12. e3 Nd7 13. Ne2 Bf6 14. Bd6 Rf7 15. h4 e5
16. Ng5 Bxg5 17. hxg5 Qe6 18. Bh3 b6 19. dxe5 Ndxc5 20. Nf4 Qe8 21. g6 Rb7 22.
Qh5 h6 23. Bxf5 Bxf5 24. Qxf5 Ne4 25. Kg2 Nxd6 26. exd6 Nc5 27. f3 Rd7 28. e4
dxe4 29. fxe4 Rxd6 30. e5 Rd2+ 31. Re2 Rxe2+ 32. Nxe2 Qe7 33. Nf4 Re8 34. Re1
Ne6 35. Nh3 Qd7 36. Qc2 Qd5+ 37. Qe4 Qxe4+ 38. Rxe4 Kf8 39. b4 c5 40. bxa5 bxa5
41. Rc4 Rc8 42. Nf4 Ke7 43. Nd5+ Kd8 44. Nf4 Ke7 45. Nd5+ Kd8 46. Nf4 Ke7
1/2-1/2

[Event "II Open A"]
[Site "Pedavena ITA"]
[Date "2006.08.02"]
[Round "3"]
[White "Barlocco, Carlo"]
[Black "Efimov, Igor"]
[Result "1/2-1/2"]
[WhiteElo "2183"]
[BlackElo "2439"]
[PlyCount "55"]
[EventDate "2006.08.01"]

1. Nc3 d5 2. e4 c6 3. g3 g6 4. Bg2 dxe4 5. Nxe4 Bg7 6. Nf3 Bf5 7. Qe2 Na6 8.
O-O Nf6 9. d3 O-O 10. Bd2 Nxe4 11. dxe4 Bg4 12. Rad1 Qb6 13. b3 Qb5 14. Qxb5
cxb5 15. h3 Bxf3 16. Bxf3 Rac8 17. Be3 Nc5 18. Rd5 b6 19. Bxc5 Rxc5 20. Rxc5
bxc5 21. Rd1 Bd4 22. Be2 Rb8 23. Kg2 a5 24. f4 e6 25. e5 Kf8 26. Rd3 b4 27. Rd1
Ke7 28. Kf3 1/2-1/2

[Event "II Open A"]
[Site "Pedavena ITA"]
[Date "2006.08.02"]
[Round "3"]
[White "Barro, Francesco"]
[Black "Foroni, Francesco"]
[Result "0-1"]
[WhiteElo "2022"]
[BlackElo "1836"]
[PlyCount "94"]
[EventDate "2006.08.01"]

1. e4 Nc6 2. d4 d5 3. e5 Bf5 4. c3 e6 5. Ne2 f6 6. f4 fxe5 7. fxe5 Nge7 8. Nd2
Qd7 9. Ng3 Bg6 10. Nf3 Nf5 11. Nxf5 Bxf5 12. Bd3 Ne7 13. O-O Bxd3 14. Qxd3 Nf5
15. Ng5 g6 16. g4 Nh6 17. Rf6 O-O-O 18. Qf3 Be7 19. Nf7 Nxf7 20. Rxf7 Rhf8 21.
Bh6 Rxf7 22. Qxf7 Bf8 23. Qxd7+ Kxd7 24. Bg5 Be7 25. Bf6 Bxf6 26. exf6 g5 27.
h4 h6 28. h5 Ke8 29. Rf1 Kf7 30. Rf3 Re8 31. Kf2 c6 32. b3 e5 33. dxe5 Rxe5 34.
Re3 Rxe3 35. Kxe3 Kxf6 36. Kd4 Ke6 37. a4 b6 38. b4 Kd6 39. c4 dxc4 40. Kxc4 a6
41. Kd4 c5+ 42. bxc5+ bxc5+ 43. Ke4 a5 44. Kf5 c4 45. Kg6 Ke6 46. Kxh6 Kf6 47.
Kh7 c3 0-1

[Event "II Open A"]
[Site "Pedavena ITA"]
[Date "2006.08.02"]
[Round "3"]
[White "Binder, Andrea"]
[Black "Bini, Alessandro"]
[Result "0-1"]
[WhiteElo "1691"]
[BlackElo "1877"]
[PlyCount "62"]
[EventDate "2006.08.01"]

1. Nf3 d5 2. c4 e6 3. b3 Be7 4. Bb2 Bf6 5. Nc3 Ne7 6. g3 dxc4 7. bxc4 c5 8. d4
Qa5 9. e3 O-O 10. Be2 cxd4 11. exd4 Nbc6 12. O-O Rd8 13. Ne4 Bxd4 14. Nxd4 Nxd4
15. Bxd4 Qf5 16. Bf3 Nc6 17. Bg2 Nxd4 18. Rb1 Qe5 19. Qa4 Bd7 20. Qb4 Bc6 21.
Nc3 Bxg2 22. Kxg2 b6 23. Qb2 Qf5 24. f3 Nc2 25. Qc1 Qd3 26. Rf2 Ne3+ 27. Kg1
Nxc4 28. Ne4 Ne5 29. Rb3 Qd5 30. Kg2 Nd3 31. Rxd3 Qxd3 0-1

[Event "II Open A"]
[Site "Pedavena ITA"]
[Date "2006.08.02"]
[Round "3"]
[White "Campini, Marco"]
[Black "Cammarota, Vittorio"]
[Result "1/2-1/2"]
[WhiteElo "2100"]
[BlackElo "2002"]
[PlyCount "82"]
[EventDate "2006.08.01"]

1. e4 e5 2. Nc3 Nc6 3. Nf3 Nf6 4. Bb5 Bc5 5. O-O d6 6. d4 exd4 7. Nxd4 Bd7 8.
Nxc6 bxc6 9. Be2 O-O 10. Kh1 Qe8 11. f3 Qe5 12. Na4 Bb6 13. Nxb6 axb6 14. Bd3
Qh5 15. Bd2 Rfe8 16. Bc3 Qh4 17. Qe1 Qh6 18. Qf2 c5 19. Bd2 Qh5 20. a3 Bc6 21.
Rae1 b5 22. c4 bxc4 23. Bxc4 Ra4 24. Bb3 Raa8 25. Bc3 Bb5 26. Rg1 Bc6 27. Bd1
Qg6 28. Bc2 Qh5 29. h4 Nd7 30. g4 Qh6 31. Qg3 Ne5 32. Rg2 Nc4 33. Rge2 Nxa3 34.
bxa3 Rxa3 35. Re3 g5 36. h5 Qe6 37. Kg1 Qc4 38. f4 gxf4 39. Qxf4 Rxc3 40. Qg5+
Kf8 41. Qh6+ Kg8 1/2-1/2

[Event "II Open A"]
[Site "Pedavena ITA"]
[Date "2006.08.02"]
[Round "3"]
[White "Castellano, Alfonso"]
[Black "Buzzatti, Francesco"]
[Result "1-0"]
[WhiteElo "1944"]
[BlackElo "1823"]
[PlyCount "61"]
[EventDate "2006.08.01"]

1. c4 e5 2. Nc3 Nf6 3. g3 Bc5 4. Bg2 d6 5. e3 Be6 6. Bxb7 Nbd7 7. Bxa8 Qxa8 8.
Qf3 Qc8 9. b3 Bg4 10. Qg2 Bb4 11. Nd5 Ba5 12. Nxf6+ Nxf6 13. Bb2 O-O 14. h4 Qf5
15. Rc1 Qd3 16. f3 Qxe3+ 17. Kd1 Bxd2 18. Qxd2 Bxf3+ 19. Nxf3 Qxf3+ 20. Kc2 Ne4
21. Qd1 Qg2+ 22. Kb1 Nf2 23. Rg1 Qb7 24. Qe2 Ne4 25. Qg2 f5 26. Rce1 Qb4 27. g4
Nd2+ 28. Kc2 Nxc4 29. gxf5 Rf7 30. Qa8+ Rf8 31. Qd5+ 1-0

[Event "II Open A"]
[Site "Pedavena ITA"]
[Date "2006.08.02"]
[Round "3"]
[White "Cipolotti, Piersilvio"]
[Black "Okhotnik, Vladimir"]
[Result "0-1"]
[WhiteElo "1787"]
[BlackElo "2485"]
[PlyCount "60"]
[EventDate "2006.08.01"]

1. Nf3 f5 2. g3 Nf6 3. Bg2 d6 4. O-O e5 5. d3 g6 6. Bg5 h6 7. Bxf6 Qxf6 8. e4
f4 9. Nc3 c6 10. d4 g5 11. a3 g4 12. dxe5 dxe5 13. Nh4 f3 14. Nxf3 gxf3 15.
Qxf3 Qxf3 16. Bxf3 h5 17. h4 Be6 18. Rad1 Nd7 19. b4 b5 20. Be2 a5 21. Bxb5
cxb5 22. Nxb5 O-O-O 23. Nd6+ Kc7 24. Nb5+ Kc6 25. Nc3 axb4 26. axb4 Bc4 27.
Rfe1 Bxb4 28. Re3 Nf6 29. Rb1 Bc5 30. Ree1 Rd2 0-1

[Event "II Open A"]
[Site "Pedavena ITA"]
[Date "2006.08.02"]
[Round "3"]
[White "Cortina, Federico"]
[Black "Paltrinieri, Nicholas"]
[Result "1-0"]
[WhiteElo "1907"]
[BlackElo "1817"]
[PlyCount "41"]
[EventDate "2006.08.01"]

1. d4 f5 2. g3 Nf6 3. Bg2 g6 4. Nh3 Bg7 5. c4 O-O 6. Nc3 d6 7. d5 e5 8. dxe6
Nc6 9. Nf4 g5 10. Nfd5 h6 11. h4 gxh4 12. Rxh4 Kh7 13. Nf4 Ng4 14. e4 Bd4 15.
exf5 Bxf2+ 16. Kf1 Ne3+ 17. Bxe3 Bxe3 18. Qh5 Rf6 19. Ncd5 Nd4 20. e7 Bxf5 21.
Nxf6+ 1-0

[Event "II Open A"]
[Site "Pedavena ITA"]
[Date "2006.08.02"]
[Round "3"]
[White "De Nardi, Riccardo"]
[Black "Militello, Michele"]
[Result "0-1"]
[WhiteElo "1973"]
[BlackElo "1847"]
[PlyCount "56"]
[EventDate "2006.08.01"]

1. e4 d6 2. d4 Nf6 3. Nc3 c6 4. f4 Qa5 5. Bd3 e5 6. dxe5 dxe5 7. fxe5 Ng4 8.
Nf3 Bc5 9. Rf1 O-O 10. Qe2 Bb4 11. Bd2 Nxe5 12. Nxe5 Qxe5 13. O-O-O Be7 14. h4
Bxh4 15. Rh1 Bg5 16. Rh5 Bxd2+ 17. Rxd2 Qf4 18. Qe1 g6 19. Rh4 Qg5 20. Kb1 Nd7
21. g4 Ne5 22. Be2 Kg7 23. Bd1 h6 24. Rdh2 Rh8 25. Ne2 Nf3 26. Qc3+ Ne5 27. Nf4
Qxf4 28. g5 Qxg5 0-1

[Event "II Open A"]
[Site "Pedavena ITA"]
[Date "2006.08.02"]
[Round "3"]
[White "Dussin, Davide"]
[Black "Bini, Lorenzo"]
[Result "1/2-1/2"]
[WhiteElo "1823"]
[BlackElo "2039"]
[PlyCount "40"]
[EventDate "2006.08.01"]

1. d4 b6 2. c4 Bb7 3. Nc3 f5 4. Nf3 Nf6 5. Bf4 e6 6. g3 g6 7. Bg2 Bg7 8. O-O
O-O 9. Rc1 Na6 10. a3 d6 11. b4 c5 12. dxc5 e5 13. Be3 bxc5 14. bxc5 Bxf3 15.
Bxf3 e4 16. Bg2 Nxc5 17. Nb5 Nb7 18. Bxa7 Qa5 19. Bd4 Kh8 20. Bc3 Qb6 1/2-1/2

[Event "II Open A"]
[Site "Pedavena ITA"]
[Date "2008.08.02"]
[Round "3"]
[White "Fabrello, Alessandro"]
[Black "Bonotto, Giorgio"]
[Result "0-1"]
[WhiteElo "1557"]
[BlackElo "1918"]
[PlyCount "86"]
[EventDate "2006.08.01"]

1. d4 d5 2. Nf3 Nf6 3. Bf4 c5 4. e3 Nc6 5. c3 e6 6. Nbd2 Qb6 7. Qc2 Bd7 8. Be2
Rc8 9. a3 cxd4 10. exd4 Nxd4 11. Nxd4 Qxd4 12. Be3 Qa4 13. Qxa4 Bxa4 14. Bxa7
Bd6 15. O-O O-O 16. Nf3 Rfe8 17. Be3 e5 18. Rac1 Ng4 19. Bd2 f5 20. b4 Nf6 21.
c4 Bd7 22. cxd5 Nxd5 23. Rxc8 Rxc8 24. Rc1 h6 25. Rxc8+ Bxc8 26. Bc4 Be6 27.
Nh4 f4 28. Nf5 Bf8 29. Nh4 Kf7 30. Nf3 Kf6 31. g3 g5 32. Bc1 Bd6 33. Bb2 Nb6
34. Bxe6 Kxe6 35. gxf4 gxf4 36. Nd2 Kd5 37. f3 Nc4 38. Bc1 Nxd2 39. Bxd2 b5 40.
Kf1 Kc4 41. Ke1 Kb3 42. Bc1 Kc2 43. Ke2 Kxc1 0-1

[Event "II Open A"]
[Site "Pedavena ITA"]
[Date "2006.08.02"]
[Round "3"]
[White "Fantini, Adriano"]
[Black "Zulian, Stefano"]
[Result "1/2-1/2"]
[WhiteElo "1760"]
[BlackElo "1889"]
[PlyCount "69"]
[EventDate "2006.08.01"]

1. b4 e5 2. Bb2 Bxb4 3. Bxe5 Nf6 4. e3 Nc6 5. Bb2 O-O 6. Nf3 d5 7. Be2 Bf5 8.
O-O h6 9. d3 Nh7 10. Nbd2 Re8 11. c4 dxc4 12. Nxc4 Na5 13. Nxa5 Bxa5 14. Qa4
Bb6 15. Rfd1 Bd7 16. Qb4 Ng5 17. Qc3 Nxf3+ 18. Bxf3 Qg5 19. h4 Qg6 20. Bh5 Qh7
21. Bf3 c6 22. Be4 f5 23. Bf3 Be6 24. Re1 Bd8 25. h5 Bf6 26. Qc2 Bxb2 27. Qxb2
Re7 28. a3 g5 29. hxg6 Qxg6 30. Kf1 Rd8 31. Ke2 f4 32. Qc3 fxe3 33. fxe3 Rf8
34. Rf1 Ref7 35. Rf2 1/2-1/2

[Event "II Open A"]
[Site "Pedavena ITA"]
[Date "2006.08.02"]
[Round "3"]
[White "Forato, Sergio Paolo"]
[Black "Guastadini, Paolo"]
[Result "0-1"]
[WhiteElo "1748"]
[BlackElo "2051"]
[PlyCount "104"]
[EventDate "2006.08.01"]

1. c4 g6 2. Nc3 Bg7 3. g3 d6 4. Bg2 c6 5. d4 Nd7 6. Nf3 Ngf6 7. O-O O-O 8. Re1
Qc7 9. e4 e5 10. d5 Rd8 11. h3 Nb6 12. Qe2 Bd7 13. Be3 cxd5 14. cxd5 Nc4 15.
Bc1 Rac8 16. Nd2 Na3 17. Nf1 a6 18. Ne3 b5 19. bxa3 Qxc3 20. Bb2 Qa5 21. Rec1
Ne8 22. g4 Bh6 23. Rxc8 Rxc8 24. Rc1 Nc7 25. Rc3 Na8 26. Qd2 Rc4 27. Qd3 Rxc3
28. Qxc3 Qxc3 29. Bxc3 Nb6 30. Bb4 Bxe3 31. fxe3 Nc4 32. Kf2 a5 33. Bc3 f5 34.
exf5 gxf5 35. gxf5 Bxf5 36. e4 Bg6 37. Bf3 Kf8 38. Kg3 Ke7 39. Kf2 Kd8 40. Kg3
Kc7 41. Kh4 Kb6 42. Kg5 Nxa3 43. Kf6 b4 44. Be1 Nc2 45. Bf2+ Kc7 46. h4 a4 47.
h5 b3 48. hxg6 hxg6 49. Ke7 bxa2 50. Bb6+ Kxb6 51. Kxd6 a1=Q 52. Ke7 Qd4 0-1

[Event "II Open A"]
[Site "Pedavena ITA"]
[Date "2006.08.02"]
[Round "3"]
[White "Gamberini, Davide"]
[Black "Gaido, Paolo"]
[Result "1/2-1/2"]
[WhiteElo "1853"]
[BlackElo "2121"]
[PlyCount "23"]
[EventDate "2006.08.01"]

1. e4 d6 2. d4 Nf6 3. Nc3 g6 4. Bg5 Bg7 5. f4 c6 6. Nf3 O-O 7. Be2 Qc7 8. h3 a6
9. g4 b5 10. e5 Nd5 11. Nxd5 cxd5 12. Qd2 1/2-1/2

[Event "II Open A"]
[Site "Pedavena ITA"]
[Date "2006.08.02"]
[Round "3"]
[White "Genocchio, Daniele"]
[Black "Navarro, Stefano"]
[Result "1/2-1/2"]
[WhiteElo "2345"]
[BlackElo "2224"]
[PlyCount "109"]
[EventDate "2006.08.01"]

1. e4 e5 2. Nf3 Nc6 3. Bc4 Bc5 4. c3 Qe7 5. O-O d6 6. d4 Bb6 7. h3 Nf6 8. Re1
h6 9. Qd3 O-O 10. Nbd2 Nh5 11. Nf1 Qf6 12. Ne3 Ne7 13. Qd1 Nf4 14. Ng4 Bxg4 15.
hxg4 g5 16. g3 Ne6 17. Be3 Rad8 18. a4 c6 19. a5 Bc7 20. d5 Nc5 21. Nd2 b5 22.
axb6 Bxb6 23. dxc6 Nxc6 24. Bd5 Ne7 25. Qe2 Nxd5 26. exd5 Qg6 27. Bxc5 Bxc5 28.
Ne4 Bb6 29. Kg2 f5 30. gxf5 Rxf5 31. Rh1 Rdf8 32. Raf1 g4 33. Rh2 Rf3 34. Kg1
Kg7 35. Re1 Be3 36. Qc4 Bb6 37. Qb4 h5 38. Re2 Rd8 39. Rh4 Qf7 40. Rh2 Qg6 41.
c4 Qf5 42. c5 Bxc5 43. Nxc5 dxc5 44. Qxc5 Rd3 45. Qe7+ Kg6 46. Qe6+ Qxe6 47.
dxe6 R3d5 48. Rc2 Re8 49. Rc6 Re7 50. Kg2 Rb5 51. Rc8 e4 52. Rg8+ Kh7 53. Rd8
Rxe6 54. Rd2 Kg6 55. Re2 1/2-1/2

[Event "II Open A"]
[Site "Pedavena ITA"]
[Date "2006.08.02"]
[Round "3"]
[White "Hutzheimer, Alfred"]
[Black "Capraro, Fabio"]
[Result "0-1"]
[WhiteElo "2146"]
[BlackElo "1873"]
[PlyCount "92"]
[EventDate "2006.08.01"]

1. d4 Nf6 2. c4 g6 3. Nc3 d5 4. Bf4 c6 5. e3 Bg7 6. Nf3 O-O 7. h3 Nbd7 8. Bd3
dxc4 9. Bxc4 Nb6 10. Bb3 Nbd5 11. Bh2 Nxc3 12. bxc3 Ne4 13. Rc1 e6 14. O-O Qa5
15. Qc2 f5 16. Rfd1 b5 17. c4 b4 18. c5 Nc3 19. Re1 Qd8 20. Nd2 a5 21. Bc4 Re8
22. a3 Ba6 23. axb4 axb4 24. Qb3 Bxc4 25. Nxc4 Nd5 26. Ra1 Qe7 27. Bg3 f4 28.
Bh2 fxe3 29. fxe3 Qh4 30. Be5 Bxe5 31. Nxe5 Ra3 32. Qb2 Nxe3 33. Qd2 Nf5 34.
Nf3 Qg3 35. Rxa3 bxa3 36. Ra1 Rb8 37. Qe2 Ng7 38. Qf1 Rb3 39. Ne5 Qe3+ 40. Kh1
Nf5 41. Qa6 Qxd4 42. Qc8+ Kg7 43. Qc7+ Kf6 44. Nd7+ Kg5 45. Qd8+ Kh6 46. Rf1
Ng3+ 0-1

[Event "II Open A"]
[Site "Pedavena ITA"]
[Date "2006.08.02"]
[Round "3"]
[White "Luciani, Valerio"]
[Black "Kasparov, Sergey"]
[Result "1/2-1/2"]
[WhiteElo "2232"]
[BlackElo "2491"]
[PlyCount "79"]
[EventDate "2006.08.01"]

1. d4 Nf6 2. c4 c5 3. d5 b5 4. cxb5 a6 5. f3 e6 6. e4 exd5 7. exd5 Bd6 8. Qe2+
Kf8 9. Nc3 axb5 10. Qxb5 Na6 11. Qb3 Be5 12. Be3 d6 13. Bc4 Ke7 14. Nge2 Re8
15. O-O Kf8 16. Bg5 h6 17. Bh4 Nc7 18. f4 Bxc3 19. Nxc3 Ba6 20. Bxa6 Rxa6 21.
Rfe1 Ra8 22. Qc2 Kg8 23. Qf5 Qd7 24. Qxd7 Nxd7 25. Be7 Ra6 26. Bh4 f6 27. Rxe8+
Nxe8 28. Bf2 Kf7 29. Rb1 Rb6 30. b3 Nc7 31. Kf1 f5 32. Ke2 Nf6 33. Rd1 Rb4 34.
g3 Ke8 35. Rd2 Kd7 36. Kd1 Nb5 37. Nxb5 Rxb5 38. Be1 Rb8 39. Rd3 Ra8 40. Rd2
1/2-1/2

[Event "II Open A"]
[Site "Pedavena ITA"]
[Date "2006.08.02"]
[Round "3"]
[White "Maietti, Luca"]
[Black "Forato, Enrico"]
[Result "0-1"]
[WhiteElo "1811"]
[BlackElo "1949"]
[PlyCount "104"]
[EventDate "2006.08.01"]

1. d4 Nf6 2. Nf3 g6 3. Bg5 Bg7 4. Nbd2 d6 5. e4 O-O 6. c3 Nbd7 7. Bc4 e5 8.
dxe5 dxe5 9. Qe2 c6 10. O-O Qc7 11. Rad1 Nc5 12. Bxf6 Bxf6 13. Nb3 Nxb3 14.
Bxb3 Qe7 15. Rd2 Be6 16. Bxe6 Qxe6 17. b3 Rfd8 18. Rfd1 Rxd2 19. Rxd2 Rd8 20.
Rxd8+ Bxd8 21. Qd3 Bc7 22. Nd2 Qd6 23. Qxd6 Bxd6 24. Kf1 f5 25. f3 Kf7 26. Ke2
Ke6 27. Nf1 h5 28. Ne3 b5 29. Kd3 Bc5 30. h3 Bxe3 31. Kxe3 f4+ 32. Kf2 Kf6 33.
h4 g5 34. g3 fxg3+ 35. Kxg3 gxh4+ 36. Kxh4 Kg6 37. b4 a6 38. a3 Kh6 39. Kg3 Kg5
40. Kh3 Kf4 41. Kh4 Kxf3 42. Kxh5 Kxe4 43. Kg5 Kd3 44. Kf5 e4 45. Ke5 e3 46.
Kd6 e2 47. Kxc6 e1=Q 48. Kb6 Qe6+ 49. Ka5 Qc6 50. a4 bxa4 51. c4 Kxc4 52. b5
Qxb5# 0-1

[Event "II Open A"]
[Site "Pedavena ITA"]
[Date "2006.08.02"]
[Round "3"]
[White "Marson, Antonio"]
[Black "Tiengo, Davide"]
[Result "1/2-1/2"]
[WhiteElo "1837"]
[BlackElo "2091"]
[PlyCount "99"]
[EventDate "2006.08.01"]

1. d4 Nf6 2. Bf4 c5 3. c3 Qb6 4. Qc2 d5 5. e3 e6 6. Nf3 Nc6 7. Nbd2 Nh5 8. Bg3
g6 9. Be2 cxd4 10. Nxd4 Nxg3 11. hxg3 e5 12. Nxc6 bxc6 13. Nf3 Bg7 14. Nd2 O-O
15. O-O a5 16. a4 e4 17. Rfb1 Ba6 18. Bxa6 Qxa6 19. Nb3 Rab8 20. Nd4 Rb7 21.
Ra2 Rfb8 22. Qe2 Qc4 23. b3 Qc5 24. Rab2 Bxd4 25. cxd4 Qb4 26. Qc2 Rb6 27. Rc1
Qa3 28. Rcb1 Qe7 29. Qc3 Qb4 30. Qc2 h5 31. Rc1 Qa3 32. Rcb1 Qe7 33. Qc3 Qb4
34. Qc2 Kg7 35. Rc1 Qa3 36. Rcb1 Qe7 37. Qc3 Qb4 38. Qc2 Rh8 39. Rc1 h4 40.
gxh4 Qe7 41. g3 Qf6 42. Qe2 Qe6 43. Kg2 g5 44. Rh1 Rbb8 45. h5 g4 46. Rh4 f5
47. Qe1 Rb4 48. Qc3 Qd6 49. Rc2 Rh6 50. Qc5 1/2-1/2

[Event "II Open A"]
[Site "Pedavena ITA"]
[Date "2006.08.02"]
[Round "3"]
[White "Naumkin, Igor"]
[Black "Capuano, Eugenio"]
[Result "1-0"]
[WhiteElo "2430"]
[BlackElo "2255"]
[PlyCount "81"]
[EventDate "2006.08.01"]

1. d4 Nf6 2. c4 g6 3. Nc3 Bg7 4. e4 d6 5. Nf3 O-O 6. Be2 e5 7. d5 Na6 8. Bg5 h6
9. Bh4 g5 10. Bg3 Nxe4 11. Nxe4 f5 12. Nc3 f4 13. Ne4 Nc5 14. Nfd2 Nxe4 15.
Nxe4 Bf5 16. Bd3 Qd7 17. O-O fxg3 18. Nxg3 Bxd3 19. Qxd3 Rf4 20. Ne4 Raf8 21.
Rae1 Qf5 22. b4 g4 23. c5 h5 24. g3 Rf3 25. Qb5 a6 26. Qxb7 dxc5 27. bxc5 h4
28. d6 cxd6 29. cxd6 Rd3 30. Qxa6 Rd4 31. Qe2 h3 32. Qe3 Ra8 33. Qb3+ Kh8 34.
f3 Qg6 35. Rd1 gxf3 36. Rxd4 exd4 37. Qxf3 Rd8 38. g4 Qh6 39. g5 Qh4 40. Qf4
Qh5 41. Nf6 1-0

[Event "II Open A"]
[Site "Pedavena ITA"]
[Date "2006.08.02"]
[Round "3"]
[White "Ottolini, Graziano"]
[Black "Savarese, Vincenzo"]
[Result "1/2-1/2"]
[WhiteElo "2084"]
[BlackElo "1859"]
[PlyCount "61"]
[EventDate "2006.08.01"]

1. Nf3 Nf6 2. g3 d5 3. d4 e6 4. Bg2 Be7 5. c4 c6 6. b3 Bb4+ 7. Bd2 Be7 8. O-O
Nbd7 9. Nc3 O-O 10. Re1 Ne4 11. Qc2 Ndf6 12. e3 Qc7 13. Ne5 Nxd2 14. Qxd2 Bb4
15. a3 Ne4 16. Bxe4 Bxc3 17. Bxh7+ Kxh7 18. Qxc3 f5 19. Rac1 Qe7 20. Qb2 g5 21.
f4 Rg8 22. Qe2 g4 23. b4 Bd7 24. Qc2 Rac8 25. Qa4 a6 26. c5 Rg7 27. Kg2 Rh8 28.
Rh1 Kg8 29. Nd3 Rgh7 30. Qa5 Be8 31. Nf2 1/2-1/2